000 00734nam a2200217Ia 4500
003 0
005 20250114105227.0
008 161205s9999 xx 000 0 und d
050 _aPHS BF 175.5.V55
_b.Sh556 2015
100 _aShin, Ju Eun
245 _aPsychological and Physical condition of victims
_cJu Eun Shin
260 _aLas PiƱas, Philippines :
_bSouthville International School and Colleges,
_c2015.
300 _a36 p. :
_bill. ;
_c28 cm.
504 _aIncludes bibliographical references.
650 _aTrauma
_vPsychological aspects.
650 _aVictims
_vPsychology.
650 _aVictims
_vMental health.
650 _aVictims
_vPhysical health.
650 _aPost-traumatic stress disorder.
942 _cPASS
_2lcc
999 _c305321
_d305321